000 00469nam a2200193Ia 4500
005 20250425161521.0
008 250425s9999 xx 000 0 und d
041 _aeng
082 _a541.377
100 _aGIBSON, ALAN F.
245 0 _aPROGRESS IN SEMICONDUCTORS : VOLUMEN 3
250 _a1TH ED.
260 _aEstados Unidos
_bJOHN WILEY & SONS
_c1958
260 _aNEW YORK
300 _a210
650 _aSEMICONDUCTORES
942 _c01
010 _a22031
999 _c210776
_d210776